LEADER 00993nas 2200361 c 450 001 9910895716903321 005 20260218112130.0 035 $a(CKB)110978979591691 035 $a(DE-101)109778553X 035 $a(DE-599)ZDB2853660-5 035 $a(DE-599)2853660-5 035 $a(EXLCZ)99110978979591691 100 $a20160422a20159999 |y | 101 0 $aeng 135 $aur||||||||||| 181 $ctxt$2rdacontent 182 $cc$2rdamedia 183 $acr$2rdacarrier 200 00$aStatistical digest$fCentral Bank of Belize 210 31$aBelize City$cCentral Bank of Belize$d2015- 215 $aOnline-Ressource 311 08$a1025-1642 517 $aCENTRAL BANK OF BELIZE ANNUAL STATISTICAL DIGEST 608 $aZeitschrift$2gnd-content 676 $a310 712 02$aCentral Bank of Belize$4isb 801 0$b0206 801 1$bDE-101 801 2$b9001 906 $aJOURNAL 912 $a9910895716903321 996 $aStatistical Digest$91915969 997 $aUNINA